<?xml version="1.0" encoding="UTF-8"?>
<collection xmlns="http://www.loc.gov/MARC21/slim">
 <record>
  <leader>01079nam a22002291a 4500</leader>
  <controlfield tag="001">1/49762</controlfield>
  <controlfield tag="008">980330s        gr            000 0 gre d</controlfield>
  <datafield tag="035" ind1=" " ind2=" ">
   <subfield code="l">13003</subfield>
  </datafield>
  <datafield tag="040" ind1=" " ind2=" ">
   <subfield code="a">GR-PeUP</subfield>
  </datafield>
  <datafield tag="082" ind1="0" ind2="0">
   <subfield code="a">885.01 ΙΣ</subfield>
  </datafield>
  <datafield tag="100" ind1="1" ind2=" ">
   <subfield code="a">Ισαίος,</subfield>
   <subfield code="d">π. 420-π.350 π.Χ.</subfield>
  </datafield>
  <datafield tag="245" ind1="1" ind2="0">
   <subfield code="a">Ισαίος λόγοι /</subfield>
   <subfield code="c">Ισαίου.</subfield>
  </datafield>
  <datafield tag="260" ind1=" " ind2=" ">
   <subfield code="a">Αθήνα:</subfield>
   <subfield code="b">Ι.Ζαχαρόπουλος,</subfield>
   <subfield code="c">[χ.χ.].</subfield>
  </datafield>
  <datafield tag="300" ind1=" " ind2=" ">
   <subfield code="a">2 τ.;</subfield>
   <subfield code="c">18 εκ.</subfield>
  </datafield>
  <datafield tag="490" ind1="1" ind2=" ">
   <subfield code="a">Βιβλιοθήκη Αρχαίων Συγγραφέων ;</subfield>
  </datafield>
  <datafield tag="600" ind1="1" ind2="4">
   <subfield code="a">Ισαίος,</subfield>
   <subfield code="d">π. 420-π.350 π.Χ.</subfield>
  </datafield>
  <datafield tag="650" ind1=" " ind2="4">
   <subfield code="a">Ελληνική γλώσσα, Αρχαία.</subfield>
  </datafield>
  <datafield tag="651" ind1=" " ind2="4">
   <subfield code="a">Ελλάδα, Αρχαία</subfield>
   <subfield code="x">Λόγοι, Δοκίμια, Διαλέξεις.</subfield>
  </datafield>
  <datafield tag="700" ind1="1" ind2=" ">
   <subfield code="a">Μιχαηλίδης - Νουαρός, Γεώργιος</subfield>
   <subfield code="d">1909-</subfield>
  </datafield>
  <datafield tag="830" ind1=" " ind2=" ">
   <subfield code="a">Βιβλιοθήκη Αρχαίων Συγγραφέων.</subfield>
  </datafield>
  <datafield tag="852" ind1=" " ind2=" ">
   <subfield code="a">INST</subfield>
   <subfield code="b">UNIPILB</subfield>
   <subfield code="c">MAIN</subfield>
   <subfield code="e">20040709</subfield>
   <subfield code="h">885.01 ΙΣ</subfield>
   <subfield code="p">00120488</subfield>
   <subfield code="q">00120488</subfield>
   <subfield code="t">LOAN</subfield>
   <subfield code="v">τ.Α:</subfield>
   <subfield code="y">0</subfield>
   <subfield code="z">τ.Α</subfield>
   <subfield code="4">1</subfield>
  </datafield>
  <datafield tag="852" ind1=" " ind2=" ">
   <subfield code="a">INST</subfield>
   <subfield code="b">UNIPILB</subfield>
   <subfield code="c">MAIN</subfield>
   <subfield code="e">20040709</subfield>
   <subfield code="h">885.01 ΙΣ</subfield>
   <subfield code="p">00120489</subfield>
   <subfield code="q">00120489</subfield>
   <subfield code="t">LOAN</subfield>
   <subfield code="v">τ.Β:</subfield>
   <subfield code="y">0</subfield>
   <subfield code="z">τ.Β</subfield>
   <subfield code="4">1</subfield>
  </datafield>
 </record>
</collection>
